Fabricar historias
Saved in:
| Main Author: | |
|---|---|
| Format: | Unknown |
| Language: | English |
| Published: |
Barcelona, España.
Penguin Random House,
2014
|
| Edition: | Primera edición |
| Tags: |
Add Tag
No Tags, Be the first to tag this record!
|
MARC
| LEADER | 00000 a2200000 4500 | ||
|---|---|---|---|
| 003 | CL-VaPUC | ||
| 005 | 20211007113316.0 | ||
| 008 | 210428b2014 ||||| |||| 00| 0 eng d | ||
| 999 | |c 432896 |d 432894 | ||
| 020 | |a 978-84-397-2816-0 | ||
| 040 | |c Pontificia Universidad Católica de Valparaíso | ||
| 082 | |a 741.5 WAR 2014 | ||
| 100 | |a Ware, Chris |9 860773 | ||
| 245 | |a Fabricar historias | ||
| 250 | |a Primera edición | ||
| 260 | |a Barcelona, España. |b Penguin Random House, |c 2014 | ||
| 505 | |a Incluye: Novela gráfica Branford la mejor abeja del mundo Cuadríptico azul Novela gráfica 23 de septiembre de 2000 Novela gráfica Solo quiero morirme y no volver a depertarme Novela gráfica Desconecta The daily bee 8 fragmentos de la obra en diferentes tamaños | ||
| 583 | |k Cristina Rojas |c 20210428 | ||
| 942 | |2 ddc |c BK | ||
| 952 | |0 0 |1 0 |2 ddc |4 0 |6 741_500000000000000_WAR_2014 |7 0 |8 R |9 578551 |a BIBART |b BIBART |d 2021-08-03 |e 3 |g 36644.00 |i 558714K |o 741.5 WAR 2014 |p 558714K |r 2025-03-13 |t 1 |v 36644.00 |w 2021-08-03 |y BK_R |k ART | ||